Mixed effects models and extensions in ecology with R.

Enregistré dans:
Détails bibliographiques
Auteurs principaux: Zuur, Alain F. (Auteur), Ieno, Elena N. (Auteur), Walker, Neil J. (Auteur), Saveliev, Anatoly A. (Auteur), Smith, Graham M. (Auteur)
Format: Inconnue
Langue:anglais
Publié: New York, USA: Springer, 2009
Sujets:
Tags: Ajouter un tag
Pas de tags, Soyez le premier à ajouter un tag!

MARC

LEADER 00000 a2200000 4500
003 CL-VaPUC
005 20230821092359.0
008 220406b2009 ||||| |||| 00| 0 eng d
999 |c 434129  |d 434127 
020 |a 9781441927644 
040 |c Pontificia Universidad Católica de Valparaíso 
082 7 |a 577.0727 ZUU 2009  |2 22 
100 |a Zuur, Alain F.  |9 864585  |e author 
245 1 |a Mixed effects models and extensions in ecology with R. 
260 |a New York, USA:  |b Springer,  |c 2009 
300 |a xxii, 574 páginas  
583 |k Cristina María Rojas Aguilar  |c 20220406 
650 0 |a Ecología   |9 258124  |x Métodos estadísticos 
650 0 |a R (Lenguaje de programación)  |9 858460 
650 0 |a Modelos estadísticos   |9 270925 
700 |a Ieno, Elena N.   |e author  |9 868044 
700 |a Walker, Neil J.   |e author  |9 868045 
700 |a Saveliev, Anatoly A.  |e author  |9 868046 
700 |a Smith, Graham M.   |e author  |9 868047 
942 |2 ddc  |c BK 
952 |0 0  |1 0  |2 ddc  |4 0  |6 577_072700000000000_ZUU_2009  |7 0  |8 A  |9 582462  |a BIBAGR  |b BIBAGR  |c GEN  |d 2022-04-05  |e 74  |g 101470.00  |i 5650563  |o 577.0727 ZUU 2009  |p 5650563  |r 2025-01-20  |t 1  |v 101470.00  |w 2022-04-05  |y BK  |k DCA